|
000
|
01362nam 2200277 450
|
|
001
|
012025000379
|
|
005
|
20240831135946.2
|
|
010
|
|
@a978-7-5598-6452-9@dCNY59.00
|
|
100
|
|
@a20240621d2024 em y0chiy50 ea
|
|
101
|
1
|
@achi@cjpn
|
|
102
|
|
@aCN@b450000
|
|
105
|
|
@ay z 000ay
|
|
106
|
|
@ar
|
|
200
|
1
|
@a古都@Agu du@f(日) 川端康成著@g伊衡译
|
|
210
|
|
@a桂林@c广西师范大学出版社@d2024.5
|
|
215
|
|
@a308页@d19cm
|
|
225
|
2
|
@a小阅读·经典@Axiao yue du ·jing dian
|
|
314
|
|
@a川端康成 (1899-1972), 享誉世界的日本作家, 日本文学代表人物, 其作品探讨人性、爱与死亡的意义, 大多以感伤忧郁为主, 一生创作小说百余篇, 1968年获诺贝尔文学奖。
|
|
330
|
|
@a本书为日本作家川端康成在晚年于1962年发表的一部中篇小说, 借由一对孪生姐妹的离合情怀与各自的爱恋纠葛, 在京都如梦似幻的四季美景中, 织出一幅风雅幽静的时代锦图。新旧交替之际的日本变动剧烈, 而古都京都, 还是一如往常随着时光的变迁, 在历史的长河中静静流转。《古都》基本上表现出日本传统的美学思想, 通过人物之间的相互来往, 以及日本传统祭典所表现的内在拘谨的心理意识, 透露出日本文化中物哀、风雅与幽玄的独特美感。
|
|
410
|
0
|
@12001 @a小阅读·经典
|
|
606
|
0
|
@a中篇小说@Azhong pian xiao shuo@y日本@z现代
|
|
690
|
|
@aI304@v5
|
|
701
|
0
|
@a川端康成,@Achuan duan kang cheng@f1899-1972@4著
|
|
702
|
0
|
@a伊衡@Ayi heng@4译
|
|
801
|
0
|
@aCN@bCDNYKJZYXY@c20240621
|
|
905
|
|
@aCDNYKJZYXY@b300732468-70@dI304@e944@f3
|
|
|
|
|
| |
| 古都/(日) 川端康成著/伊衡译.-桂林:广西师范大学出版社,2024.5 |
| 308页;19cm.-(小阅读·经典) |
| |
| |
| ISBN 978-7-5598-6452-9:CNY59.00 |
| 本书为日本作家川端康成在晚年于1962年发表的一部中篇小说, 借由一对孪生姐妹的离合情怀与各自的爱恋纠葛, 在京都如梦似幻的四季美景中, 织出一幅风雅幽静的时代锦图。新旧交替之际的日本变动剧烈, 而古都京都, 还是一如往常随着时光的变迁, 在历史的长河中静静流转。《古都》基本上表现出日本传统的美学思想, 通过人物之间的相互来往, 以及日本传统祭典所表现的内在拘谨的心理意识, 透露出日本文化中物哀、风雅与幽玄的独特美感。 |
| ● |
正题名:古都
索取号:I304/944
 
预约/预借
| 序号
|
登录号
|
条形码
|
馆藏地/架位号
|
状态
|
备注
|
|
1
|
732468
|
300732468
|
流通书库/
[索取号:I304/944]
|
在馆
|
|
|
2
|
732469
|
300732469
|
流通书库/
[索取号:I304/944]
|
在馆
|
|
|
3
|
732470
|
300732470
|
流通书库/
[索取号:I304/944]
|
在馆
|
|